Premier League Factfile 2015/16 - Statistics

General Stats
  • This quiz has been taken 738 times
    716 since last reset
  • The average score is 46 of 126
Answer Stats
Answer % Correct
Arsenal
95%
Arsène Wenger
87%
Chelsea
87%
Manchester United
87%
Liverpool
83%
Manchester City
82%
Aston Villa
80%
Everton
75%
Fly Emirates
72%
West Ham United
72%
Emirates Stadium
71%
Newcastle United
71%
Bournemouth
69%
Crystal Palace
68%
Tottenham Hotspur
68%
West Bromwich Albion
67%
José Mourinho
66%
Leicester City
66%
Louis van Gaal
66%
The Gunners
66%
Jürgen Klopp
65%
Sunderland
65%
Stoke City
63%
Norwich City
62%
Southampton
62%
Old Trafford
61%
Stamford Bridge
59%
Anfield
58%
The Swans
58%
John Terry
57%
The Red Devils
57%
Watford
57%
Swansea City
55%
The Blues
55%
Wayne Rooney
53%
Brendan Rodgers
52%
Manuel Pellegrini
52%
Spurs
52%
Etihad Stadium
51%
The Reds
51%
Claudio Ranieri
49%
Etihad Airways
49%
Jordan Henderson
47%
Eddie Howe
46%
Vincent Kompany
46%
Russell Martin
45%
Alan Pardew
43%
Guus Hiddink
43%
Villa Park
43%
Roberto Martínez
42%
The Toffees
40%
Wes Morgan
40%
Goodison Park
38%
Mauricio Pochettino
38%
Sam Allardyce
37%
White Hart Lane
36%
King Power
35%
King Power Stadium
35%
Tony Pulis
35%
Mark Hughes
32%
St. James' Park
32%
The Foxes
32%
The Hammers
32%
Mikel Arteta
31%
The Citizens
31%
Tim Sherwood
31%
Ronald Koeman
30%
Slaven Bilić
30%
The Cherries
30%
Chevrolet
29%
The Magpies
29%
Stadium of Light
28%
Boleyn Ground
27%
Rémi Garde
27%
Selhurst Park
27%
Phil Jagielka
26%
St. Mary's Stadium
26%
The Eagles
26%
Vitality Stadium
25%
Steve McClaren
24%
The Saints
24%
Garry Monk
23%
Hugo Lloris
23%
The Villains
23%
Alex Neil
22%
Mark Noble
22%
The Canaries
22%
The Potters
22%
Quique Sánchez Flores
21%
The Black Cats
21%
Yokohama
21%
Carrow Road
20%
Standard Chartered
20%
The Hawthorns
20%
Micah Richards
19%
The Baggies
19%
Dick Advocaat
17%
The Hornets
17%
Vicarage Road
15%
bet365
14%
Britannia Stadium
14%
Liberty Stadium
14%
Mile Jedinak
14%
Ryan Shawcross
14%
Chang
13%
Troy Deeney
13%
José Fonte
12%
AIA
10%
Ashley Williams
10%
Fabricio Coloccini
10%
Tommy Elphick
8%
Darren Fletcher
7%
John O'Shea
7%
Mansion
6%
Kelvin Davis
5%
Aviva
4%
Dafabet
4%
Wonga
4%
Alan Curtis
3%
Betway
3%
Intuit QuickBooks
3%
138.com
1%
Veho
1%
GWFX
0%
TLCBet
0%
No matching quizzes found
Score Distribution
Percent of People with Each Score
Percentile by Number Answered
Your Score History
You have not taken this quiz since the last reset